[Event "TUR-ch (Women)"]
[Site "Izmir"]
[Date "2023.10.17"]
[Round "3"]
[White "Zengin, Ovgu"]
[Black "Somyurek, Irmak"]
[Result "1-0"]
[WhiteElo "1414"]
[BlackElo "1123"]
[PlyCount "129"]
[EventDate "2023.10.16"]
[EventType "tourn"]
[EventRounds "9"]
[EventCountry "TUR"]
[SourceTitle "Mega2024 Update 01"]
[Source "Chessbase"]
[SourceDate "2023.11.12"]
[SourceVersion "1"]
[SourceVersionDate "2023.11.12"]
[SourceQuality "1"]

1. e4 c5 2. Nf3 e6 3. c3 Nf6 4. e5 Nd5 5. g3 d6 6. Bg2 Nc6 7. exd6 Bxd6 8. 0-0 0-0 9. d4 h6 10. Be3 Qe7 11. Nbd2 b6 12. Ne4 Ba6 13. Re1 Rfd8 14. Qa4 Bb7 15. Nxd6 Qxd6 16. Rad1 Qe7 17. Bc1 Na5 18. dxc5 Qxc5 19. b4 Qc6 20. Qxc6 Nxc6 21. Bb2 Rac8 22. a3 b5 23. Nd2 Nb6 24. Ne4 Nc4 25. Bc1 N6e5 26. Nf6+ gxf6 27. Bxb7 Rb8 28. Bg2 Kg7 29. Bf4 Rbc8 30. Bb7 Rxd1 31. Rxd1 Rc7 32. Be4 Nxa3 33. Rc1 Rc4 34. Bxe5 fxe5 35. Bd3 Rc7 36. Kf1 f5 37. f3 Kf7 38. Ke2 Ke7 39. Kd2 Kd6 40. Ra1 Nc4+ 41. Bxc4 bxc4 42. Ra5 Rb7 43. Ke2 Rc7 44. Ke3 Rb7 45. Ra6+ Kd5 46. Ra5+ Kd6 47. g4 fxg4 48. fxg4 Rf7 49. Ra6+ Kd5 50. Ra5+ Kd6 51. h3 h5 52. g5 h4 53. g6 Rg7 54. Ke4 Rxg6 55. Ra6+ Ke7 56. Kxe5 Rg5+ 57. Kd4 Rg3 58. Rxa7+ Kf6 59. b5 Rg8 60. b6 Rb8 61. b7 Ke7 62. Kc5 e5 63. Kc6 e4 64. Ra4 e3 65. Rxc4 1-0

[Event "EU-ch U12 Girls 31st"]
[Site "Mamaia"]
[Date "2023.09.11"]
[Round "6"]
[White "Lajdamik, Kinga"]
[Black "Zengin, Ovgu"]
[Result "1-0"]
[WhiteElo "1552"]
[BlackElo "1414"]
[PlyCount "59"]
[EventDate "2023.09.05"]
[EventType "swiss"]
[EventRounds "9"]
[EventCountry "ROU"]
[SourceTitle "EXT 2024"]
[Source "ChessBase"]
[SourceDate "2023.10.10"]
[SourceVersion "1"]
[SourceVersionDate "2023.10.10"]
[SourceQuality "1"]

1. e4 c5 2. Nf3 e6 3. c4 Nc6 4. Nc3 Nge7 5. Be2 Nd4 6. d3 Nec6 7. Be3 Be7 8. 0-0 a6 9. a3 Bf6 10. Bf4 d6 11. Nxd4 Nxd4 12. Be3 0-0 13. Rb1 Qa5 14. f4 b5 15. e5 Be7 16. Bf3 Nxf3+ 17. Rxf3 Bb7 18. Rh3 g6 19. Qg4 Rfd8 20. exd6 Bxd6 21. Qg5 Bf8 22. Qh4 h6 23. f5 exf5 24. Bxh6 Rd4 25. Ne4 Bxe4 26. Bg5 Bg7 27. Bf6 Bxf6 28. Qxf6 Qe1+ 29. Rxe1 Rd6 30. Rh8# 1-0

[Event "EU-ch U12 Girls 31st"]
[Site "Mamaia"]
[Date "2023.09.06"]
[Round "2"]
[White "Zengin, Ovgu"]
[Black "Oksanen, Maria"]
[Result "1-0"]
[WhiteElo "1414"]
[BlackElo "1599"]
[PlyCount "69"]
[EventDate "2023.09.05"]
[EventType "swiss"]
[EventRounds "9"]
[EventCountry "ROU"]
[SourceTitle "EXT 2024"]
[Source "ChessBase"]
[SourceDate "2023.10.10"]
[SourceVersion "1"]
[SourceVersionDate "2023.10.10"]
[SourceQuality "1"]

1. e4 c5 2. Nf3 g6 3. d4 cxd4 4. Qxd4 Nf6 5. Nc3 Nc6 6. Qa4 d6 7. e5 dxe5 8. Nxe5 Bd7 9. Nxd7 Qxd7 10. Bb5 Qe6+ 11. Be3 Bh6 12. 0-0 Bxe3 13. fxe3 0-0 14. Rae1 a6 15. Bd3 b5 16. Qh4 Qg4 17. Qxg4 Nxg4 18. Be4 Rac8 19. Nd5 f5 20. Bf3 Nge5 21. c3 Nxf3+ 22. Rxf3 e6 23. Nf4 e5 24. Nh3 Rfd8 25. e4 f4 26. g3 fxg3 27. hxg3 h6 28. Rf6 Kg7 29. Ref1 Rf8 30. Rd6 Rxf1+ 31. Kxf1 Rc7 32. Nf2 h5 33. Nd3 Rc8 34. Re6 Kf7 35. Rxc6 1-0

[Event "TUR-ch U20"]
[Site "Samsun"]
[Date "2023.05.20"]
[Round "3"]
[White "Zengin, Ovgu"]
[Black "Temizer, Umut"]
[Result "0-1"]
[WhiteElo "1528"]
[BlackElo "1973"]
[PlyCount "84"]
[EventDate "2023.05.19"]
[EventType "swiss"]
[EventRounds "9"]
[EventCountry "TUR"]
[SourceTitle "CBM 214 Extra"]
[Source "ChessBase"]
[SourceDate "2023.07.31"]
[SourceVersion "1"]
[SourceVersionDate "2023.07.31"]
[SourceQuality "1"]

1. e4 c5 2. Nf3 d6 3. Bb5+ Nd7 4. c3 Ngf6 5. Qe2 a6 6. Ba4 b5 7. Bc2 Bb7 8. 0-0 Qc7 9. d4 e6 10. Bf4 Rc8 11. d5 e5 12. Bg3 g6 13. Nfd2 Bg7 14. c4 b4 15. Re1 0-0 16. Nf1 Nh5 17. Nbd2 a5 18. Ne3 Nb6 19. b3 Ra8 20. Nf5 Nxg3 21. Nxg3 Bc8 22. h4 Qe7 23. h5 Ra7 24. Ndf1 Bd7 25. Ne3 a4 26. f3 Rfa8 27. Rac1 axb3 28. axb3 Ra2 29. Kf2 Bh6 30. Rh1 Qg5 31. hxg6 hxg6 32. Rh2 R8a3 33. Ngf1 Rb2 34. Nd2 Raa2 35. Rch1 Qxe3+ 36. Qxe3 Bxe3+ 37. Kxe3 Rxc2 38. g4 Kf8 39. g5 Ke7 40. Rd1 Rc3+ 41. Kf2 Rxb3 42. Kg3 Rbb2 0-1

[Event "TUR-ch U07/12 Girls"]
[Site "Antalya"]
[Date "2023.01.25"]
[Round "6"]
[White "Dogan, Ipek"]
[Black "Zengin, Ovgu"]
[Result "0-1"]
[WhiteElo "1317"]
[BlackElo "1482"]
[PlyCount "128"]
[EventDate "2023.01.17"]
[EventType "swiss"]
[EventRounds "9"]
[EventCountry "TUR"]
[SourceTitle "EXT 2024"]
[Source "ChessBase"]
[SourceDate "2023.10.10"]
[SourceVersion "1"]
[SourceVersionDate "2023.10.10"]
[SourceQuality "1"]

1. d4 d5 2. c4 e6 3. Nf3 Nf6 4. e3 Be7 5. Nbd2 0-0 6. Bd3 c5 7. cxd5 cxd4 8. Nxd4 Qxd5 9. Qf3 Qd8 10. Bc4 Nbd7 11. Qe2 Ne5 12. Bb3 Bd7 13. 0-0 Bc5 14. N2f3 Nxf3+ 15. Nxf3 Qb6 16. Rd1 Rac8 17. Bc2 Rfd8 18. Nd4 e5 19. Nf5 Bb5 20. Qf3 Rxd1+ 21. Qxd1 Rd8 22. Qf3 Qa5 23. h3 Qc7 24. Qg3 Bf8 25. Bb3 Kh8 26. Qh4 Bd7 27. e4 Bxf5 28. exf5 Rd4 29. Qg5 h6 30. Qg3 Ne4 31. Qf3 Nd2 32. Bxd2 Rxd2 33. f6 g6 34. Qc3 Qxc3 35. bxc3 Bc5 36. Bxf7 Rxf2 37. Kh1 Rxf6 38. Bd5 b6 39. Re1 Bd6 40. Re4 Kg7 41. g3 Rf3 42. Ra4 Rxg3 43. Rxa7+ Kf6 44. Rf7+ Kg5 45. c4 Rxh3+ 46. Kg2 Ra3 47. Rf2 Bc5 48. Re2 Bd4 49. Bf7 Kf5 50. Kh2 h5 51. Rg2 g5 52. Bxh5 e4 53. Rd2 Bc5 54. Kg2 Kf4 55. Be2 Rg3+ 56. Kh2 Ra3 57. Bd1 Rc3 58. Be2 g4 59. a4 Rc1 60. Ra2 g3+ 61. Kg2 Rg1+ 62. Kh3 Rh1+ 63. Kg2 Rh2+ 64. Kf1 g2+ 0-1

[Event "TUR-ch U07/12 Girls"]
[Site "Antalya"]
[Date "2023.01.23"]
[Round "3"]
[White "Zengin, Ovgu"]
[Black "Sahin, Cagla Yudum"]
[Result "1-0"]
[WhiteElo "1482"]
[BlackElo "1414"]
[PlyCount "93"]
[EventDate "2023.01.17"]
[EventType "swiss"]
[EventRounds "9"]
[EventCountry "TUR"]
[SourceTitle "EXT 2024"]
[Source "ChessBase"]
[SourceDate "2023.10.10"]
[SourceVersion "1"]
[SourceVersionDate "2023.10.10"]
[SourceQuality "1"]

1. e4 e5 2. Nf3 Nc6 3. Bb5 a6 4. Ba4 Nf6 5. d3 b5 6. Bb3 Bc5 7. 0-0 d6 8. c3 Ba7 9. Nbd2 0-0 10. Re1 Ne7 11. Nf1 Ng6 12. Be3 Be6 13. Bxe6 fxe6 14. Qb3 Re8 15. Bxa7 Rxa7 16. d4 exd4 17. cxd4 d5 18. e5 Ne4 19. Ng3 Nxg3 20. hxg3 Ne7 21. Rac1 Nc8 22. Rc5 Nb6 23. Rec1 Qd7 24. Qc2 Re7 25. Ne1 Nc4 26. b3 Na3 27. Qc3 a5 28. Nd3 b4 29. Qd2 Nb5 30. Nb2 Nc3 31. f3 Re8 32. Nd1 Nb5 33. Ne3 Rb8 34. f4 Nc3 35. Qd3 Ne4 36. R5c2 Nxg3 37. Rc6 Rf8 38. Ng4 Ne4 39. g3 Qf7 40. Qf3 Nc3 41. Rc2 Qf5 42. Ne3 Qf7 43. Qg4 Re8 44. f5 exf5 45. Nxf5 Qf8 46. Rf6 Qxf6 47. exf6 1-0

[Event "TUR-ch (Women)"]
[Site "Ayvalik"]
[Date "2022.03.06"]
[Round "3"]
[White "Zengin, Ovgu"]
[Black "Sahin, Cagla Yudum"]
[Result "1-0"]
[WhiteElo "1509"]
[BlackElo "1171"]
[PlyCount "75"]
[EventDate "2022.03.05"]
[EventType "swiss"]
[EventRounds "9"]
[EventCountry "TUR"]
[SourceTitle "EXT 2023"]
[Source "ChessBase"]
[SourceDate "2022.10.05"]
[SourceVersion "1"]
[SourceVersionDate "2022.10.05"]
[SourceQuality "1"]

1. e4 e5 2. Nf3 Nc6 3. Bc4 Bc5 4. c3 Nf6 5. d3 d6 6. 0-0 Bg4 7. Nbd2 0-0 8. h3 Be6 9. Bxe6 fxe6 10. b4 Bb6 11. Nc4 Nd7 12. a4 d5 13. exd5 exd5 14. Ne3 e4 15. dxe4 dxe4 16. Qd5+ Kh8 17. Qxe4 Qf6 18. Nd5 Qf7 19. Nxb6 axb6 20. b5 Rae8 21. Qc2 Nce5 22. Nxe5 Nxe5 23. Ba3 Rg8 24. Rad1 Re6 25. Bc1 Rg6 26. Kh1 Qf6 27. Qe4 c6 28. Bf4 Nf7 29. c4 Ng5 30. Qe3 Qf5 31. Bxg5 Qxg5 32. Qxg5 Rxg5 33. Rd7 cxb5 34. cxb5 g6 35. Rxb7 Ra8 36. Rd1 Rc5 37. Rdd7 Rh5 38. Rxb6 1-0